000 004470000a22001810004500
003 MACL
005 20151001150907.0
008 151001b xxu||||| |||| 00| 0 eng d
040 _aMACL
_cMACL
041 _aEnglish
082 _a900
100 _aHazra,Kanai Lal
_913058
245 _aConstitution of the Buddhist Sangha
260 _aDelhi
_bBuddhist World Press
_c2013
350 _a995
650 _aHfistory
_912739
942 _cBK
_k900
_2ddc
999 _c49258
_d49258